Інформаційне законодавство країн СНД та Балтії (Запис № 322848)

МАРК-запис
000 -Лідер
fixed length control field 00936nam a22002537a 4500
001 - Контрольний номер
control field 36615
003 - Ідентифікатор контрольного номера
control field UA-OsUOA
005 - Дата та час останнього входження (трансакції)
control field 20210812105115.0
007 - Фіксоване поле фізичного опису
fixed length control field ta
008 - Елементи даних фіксованої довжини – загальна інформація
fixed length control field 20060206b un ||||| |||| 00| 0 ukr d
020 ## - Міжнародний стандартний книжковий номер (ISBN)
Міжнародний стандартний книжковий номер (ISBN) (НП) 9668602099
040 ## - Джерело каталогізації
Агенція оригінальної каталогізації UA-OsUOA
Агенція, яка здійснювала перезапис UA-OsUOA
Агенція, яка здійснювала модифікацію UA-OsUOA
Мова каталогізації ukr
041 ## - Код мови
Код мови тексту/ звукової доріжки чи окремого заголовка (П) ukr
080 ## - Індекс Універсальної десяткової класифікації
Індекс Універсальної десяткової класифікації (УДК) (НП) 340,132.2
090 ## - Локальний шифр розміщення
Класифікаційний індекс УДК 340,132.2
Авторський знак (НП) І-74
245 ## - Відомості про назву
Назва (НП) Інформаційне законодавство країн СНД та Балтії
260 ## - Публікація, розповсюдження і т.п. (Вихідні дані)
Місце публікації, розповсюдження і т.п. (П) К.
Ім’я/ наймення видавництва, розповсюджувача і т.п. (П) Юридична думка
Дата публікації, розповсюдження і т.п. (П) 2005
300 ## - Фізичний опис
Обсяг 440 с.
505 ## - Форматована примітка про зміст
Змішана інформація Т.3
Назва Латвія, Литва, Молдова, Росія,Таджикистан, Туркменистан, Узбекистан
650 #7 - Додаткове предметне введення – тематичний термін
Тематичний термін чи географічна назва, як елемент введення (НП) 340 Право в цілому. Пропедевтика. Методи та допоміжні правничі науки
Джерело заголовка чи терміна UDC
942 ## - Додаткові елементи входу (Коха)
Тип елемента Koha Книги
Source of classification or shelving scheme Universal Decimal Classification
955 ## - Код типу видання за змістом
Код типу видання за змістом (НП) інше
Фонди
Стан вилучень Стан втрат Джерело класифікації або схеми стелажів Стан уражень Не для кредиту Постійне місце розташування Поточне розміщення Дата придбання Джерело придбання Вартість, звичайна ціна покупки Інвентарний номер Усього замовленно Повний номер виклику Штрих-код Дата останнього перегляду Ціна ефективна від Тип елемента Koha
    Universal Decimal Classification     АБ - Абонемент НБ АБ - Абонемент НБ 04/05/2007 91/2007 25.56 104595   340,132.2 І-74 104595 15/12/2021 06/02/2006 Книги
    Universal Decimal Classification     ЧЗ - Читальна зала ЧЗ - Читальна зала 06/02/2006 13/2006 25.56 94772   340,132.2 І-74 94772 06/02/2022 06/02/2006 Книги
    Universal Decimal Classification     ЧЗ - Читальна зала ЧЗ - Читальна зала 06/02/2006 13/2006 25.56 94773   340,132.2 І-74 94773 06/02/2022 06/02/2006 Книги
    Universal Decimal Classification     ЧЗ - Читальна зала ЧЗ - Читальна зала 06/02/2006 13/2006 25.56 94774   340,132.2 І-74 94774 06/02/2022 06/02/2006 Книги
    Universal Decimal Classification     ЧЗ - Читальна зала ЧЗ - Читальна зала 06/02/2006 13/2006 25.56 94775   340,132.2 І-74 94775 06/02/2022 06/02/2006 Книги
    Universal Decimal Classification     ЧЗ - Читальна зала ЧЗ - Читальна зала 06/02/2006 13/2006 25.56 94776   340,132.2 І-74 94776 06/02/2022 06/02/2006 Книги